Los burgueses
Salvato in:
| Autore principale: | |
|---|---|
| Natura: | Libro |
| Lingua: | spagnolo |
| Pubblicazione: |
Buenos Aires
Sudamericana
1968
|
| Edizione: | 11a. ed |
| Serie: | Colección Novelistas Latinoamericanos
|
| Soggetti: | |
| Tags: |
Aggiungi Tag
Nessun Tag, puoi essere il primo ad aggiungerne!!
|
MARC
| LEADER | 00000nam a2200000 a 4500 | ||
|---|---|---|---|
| 001 | UCT6492 | ||
| 003 | CL-VaPUC | ||
| 008 | 970113e19680000AG |||||||||||||||||spa|d | ||
| 082 | 0 | 4 | |a Ar863 |b BUL |2 21 |
| 100 | 0 | |a Bullrich, Silvina |e author |9 376691 | |
| 245 | 1 | 4 | |a Los burgueses |
| 250 | |a 11a. ed | ||
| 300 | |a 133 p | ||
| 942 | |c BK | ||
| 945 | |d 19970113 00:00:00 |a nastorga | ||
| 260 | |a Buenos Aires |b Sudamericana |c 1968 | ||
| 650 | 0 | |a Novelas argentinas |9 267871 | |
| 583 | |a last modification |c 19970113 00:00:00 |k Rodrigo Vera | ||
| 490 | 0 | |a Colección Novelistas Latinoamericanos | |
| 999 | |c 255189 |d 255187 | ||
| 952 | |0 0 |1 0 |4 0 |6 AR_863_000000000000000_BUL_1968 |7 0 |8 A |9 277316 |a BIBEDU |b BIBEDU |d 2019-11-19 |i 3266575 |o Ar863 BUL 1968 |p 3266575 |r 2019-11-19 |w 2019-11-19 |y BK |k LIT | ||